| 000 | 00633nam a2200217 a 4500 | ||
|---|---|---|---|
| 001 | BRL_1774 | ||
| 005 | 20190320211349.0 | ||
| 008 | 290715s1957----mx-#######---#000-0#spa-# | ||
| 041 | _aspa | ||
| 044 | _amx | ||
| 050 | 4 |
_aF1386 _b.I23 1957 |
|
| 100 | 1 |
_aIcaza, Alfonso de _927841 |
|
| 245 | 1 | 0 |
_aAsí era aquello... _b(60 años de vida metropolitana) _cAlfonso de Icaza. |
| 260 |
_aMéxico _bEdiciones bota _c1927 |
||
| 300 |
_a318 p. _c24 cm. |
||
| 500 | _aAu1949 | ||
| 650 | 1 | 4 |
_aCiudad de México _xDescripción y viajes _98153 |
| 650 | 1 | 4 |
_aCiudad de México _xVida social y costumbres _927842 |
| 902 | _aGRL | ||
| 942 |
_2lcc _cB |
||
| 999 |
_c10582 _d10582 |
||